| 000 | 00853nam a2200217 a 4500 | ||
|---|---|---|---|
| 003 | 0 | ||
| 005 | 20250421112913.0 | ||
| 008 | 970114s19uu xx 00 eng d | ||
| 050 |
_aPGS LB 1139.35.L35 _b.Sa237 2003 |
||
| 100 | _aSantos, Rodson Jacob L. | ||
| 245 |
_aLearning modality of grade six students of Southville International School as perceived by the their parents (SY 2002-2003) / _cRodson Jacob L. Santos. |
||
| 260 |
_aLas PiƱas City, Philippines : _bSouthville International School and Colleges, _c2003. |
||
| 300 |
_a31 pages : _billustrations ; _c28 cm. |
||
| 504 | _aIncludes bibliographic references. | ||
| 650 | _aLearning syles. | ||
| 650 |
_aBrain _vHemisphere dominance. |
||
| 650 | _aCognitive styles in children. | ||
| 650 | _aAcademic achievement. | ||
| 650 |
_aLearning _vSex differences. |
||
| 942 |
_2lcc _cPASS |
||
| 999 |
_c96921 _d96921 |
||